El Pueblo Guaymí y su futuro /

সংরক্ষণ করুন:
গ্রন্থ-পঞ্জীর বিবরন
সংস্থা লেখক: Centro de Estudios y Acción Social de Panamá, CEASPA Comité Patrocinador del Foro sobre el pueblo Guaymí y su futuro
বিন্যাস: পাঠ‍্য
প্রকাশিত: Panamá: Centro de Estudios y Acción Social-Panamá. CEASPA. Comité Patrocinador del Foro sobre el pueblo guaymí y su futuro
ট্যাগগুলো: ট্যাগ যুক্ত করুন
কোনো ট্যাগ নেই, প্রথমজন হিসাবে ট্যাগ করুন!

MARC

LEADER 00000 a a2200000 04500
001 20887
003
040
090 |a 1001 P977p  
110 |a Centro de Estudios y Acción Social de Panamá  
245 |a El Pueblo Guaymí y su futuro /  |c Centro de Estudios y Acción Social de Panamá  
260 |a Panamá:   |b Centro de Estudios y Acción Social-Panamá. CEASPA. Comité Patrocinador del Foro sobre el pueblo guaymí y su futuro  
300 |a 403 p  
710 |a CEASPA   |a Comité Patrocinador del Foro sobre el pueblo Guaymí y su futuro  
999 |c 1536  |d 1536